Japan Agricultural Research Quarterly

সংরক্ষণ করুন:
গ্রন্থ-পঞ্জীর বিবরন
বিন্যাস: গ্রন্থ
ভাষা:Undetermined
প্রকাশিত: Tsukiba, Japan JIRCAS 2018
বিষয়গুলি:
ট্যাগগুলো: ট্যাগ যুক্ত করুন
কোনো ট্যাগ নেই, প্রথমজন হিসাবে ট্যাগ করুন!
Thư viện lưu trữ: Trung tâm Học liệu Trường Đại học Cần Thơ
LEADER 00543nam a2200181Ia 4500
001 CTU_235459
008 210402s9999 xx 000 0 und d
082 |a 630.7 
082 |b J35 
245 0 |a Japan Agricultural Research Quarterly 
245 0 |c Japan International Research Center for Agricultural Sciences 
260 |a Tsukiba, Japan 
260 |b JIRCAS 
260 |c 2018 
650 |a Agriculture,Agriculture 
650 |x Research,Japan,Economic aspects 
904 |i Minh 
980 |a Trung tâm Học liệu Trường Đại học Cần Thơ